Score 0/21 Timer 03:00
0 Plays Today
Country Pair Border? % Correct
Vietnam
Laos
???
88.3%
Vietnam
Cambodia
???
87.6%
Laos
Cambodia
???
87.2%
China
Vietnam
???
84.4%
Cambodia
Thailand
???
84.1%
Myanmar
Thailand
???
83.2%
China
Malaysia
???
81%
Laos
Thailand
???
81%
Vietnam
Malaysia
???
78.2%
Myanmar
China
???
78%
Laos
Malaysia
???
76.8%
Country Pair Border? % Correct
Thailand
Malaysia
???
76.2%
China
Cambodia
???
74.1%
Myanmar
Vietnam
???
74%
Cambodia
Malaysia
???
72%
China
Laos
???
70.6%
Myanmar
Malaysia
???
70.1%
Myanmar
Cambodia
???
61.5%
Vietnam
Thailand
???
57.5%
China
Thailand
???
56.2%
Myanmar
Laos
???
55.2%
Remove Ads.
Support Sporcle.
Get the best of Sporcle when you Go Orange. This ad-free experience offers more features, more stats, and more fun while also helping to support Sporcle. Thank you for becoming a member.

You're not logged in!

Compare scores with friends on all Sporcle quizzes.
OR
Log In

Show Comments

Extras

Top Quizzes Today


Score Distribution

Your Account Isn't Verified!

In order to create a playlist on Sporcle, you need to verify the email address you used during registration. Go to your Sporcle Settings to finish the process.

Report this User

Report this user for behavior that violates our Community Guidelines.

Details: